Biểu tượng hoa cúc của Đào Uyên MInh trong thơ ca cổ điển Việt Nam và Hàn Quốc /

محفوظ في:
التفاصيل البيبلوغرافية
المؤلف الرئيسي: Lưu Hồng Sơn.
التنسيق: مقال
اللغة:Vietnamese
الموضوعات:
الوسوم: إضافة وسم
لا توجد وسوم, كن أول من يضع وسما على هذه التسجيلة!
Thư viện lưu trữ: Thư viện Trường Đại học Đà Lạt
LEADER 00824nam a2200277 4500
001 DLU140163976
005 ##20140911
040 # # |a DLU  |b vie 
041 # # |a vie 
044 # # |a vn 
100 # # |a Lưu Hồng Sơn. 
245 # # |a Biểu tượng hoa cúc của Đào Uyên MInh trong thơ ca cổ điển Việt Nam và Hàn Quốc /  |c Lưu Hồng Sơn. 
653 # # |a Hàn Quốc 
653 # # |a Hoa Cúc 
653 # # |a Thơ ca 
653 # # |a Việt Nam 
773 # # |t Tạp chí Nghiên cứu Đông Bắc Á  |g Số 11(141), 2012, tr.26-35 
920 # # |a Phòng Tạp chí -- Trung tâm Thông tin - Thư viện Trường Đại học Đà Lạt 
994 # # |a DLU 
900 # # |a True 
911 # # |a Trần Thị Minh Hương 
925 # # |a G 
926 # # |a A 
927 # # |a BB 
980 # # |a Thư viện Trường Đại học Đà Lạt